Medagliere Olimpiadi estive Città del Messico 1968 - Statistics

Statistiche generali
  • Questo quiz è stato fatto 4 volte
  • Il punteggio medio è 7 su 11
Statistiche sulle risposte
Medaglie d'Oro Medaglie d'Argento Medaglie di Bronzo Medaglie complessive Rappresentativa olimpica % Corretto
7 3 5 15 Francia
100%
9 9 7 25 Germania Est
100%
5 11 10 26 Germania Ovest
100%
11 7 7 25 Giappone
100%
3 4 9 16 Italia
100%
45 28 34 107 Stati Uniti
100%
29 32 30 91 Unione Sovietica
67%
5 7 5 17 Australia
33%
5 2 11 18 Polonia
0%
4 6 5 15 Romania
0%
10 10 12 32 Ungheria
0%
Nessun quiz corrispondente trovato
Distribuzione punteggi
Percentuale di utenti per punteggio
Percentile per numero di risposta
I tuoi punteggi nel tempo
Non hai fatto questo quiz